00930cam a2200253 450000100060000000300080000600500170001400800410003103500190007204000320009104100080012308200200013110000330015124501440018426000460032830000450037449000260041950400270044565100610047265500340053365500290056770000330059674000470062919608BD-RjUL20211209000444.0140225s1967 enka b 000 1 eng d a(BD-RjUL)19668 aDLCcDLCdDLCdBD-RjULbeng aeng00a823.6bGRS 19671 aGraves, Richard,d1715-1804.14aThe spiritual Quixote, or The summer's ramble of Mr. Geoffrey Wildgoose:ba comic romance /cedited with an introduction by Clarence Tracy. aLondon ;aNew York :bOxford U.P.,c1967. axxvii, 504 p. :bfront., illus.;c21 cm.0 aOxford English novels aBibliography: p. [xxv] 0aEnglandxSocial life and customsy18th centuryxFiction. 7aPicaresque literature.2gsafd 7aHumorous stories.2gsafd1 aTracy, Clarence Rupert,eed.0 aSummer's ramble of Mr. Geoffrey Wildgoose.